000 00362 a2200169 4500
001 190417
020 _a978-850814636-9
040 _cMagnum
100 _aCarrasco, Walcyr
240 1 0 _aRick, o nerd detetive
_lpor
245 1 0 _aRick, o nerd detetive
300 _a40
362 0 _a2011
440 1 _aÁtica
697 _aLITERATURA INFANTO
942 _cBK
999 _c190417
_d190417